Textos sobre arte

Guardat en:
Dades bibliogràfiques
Autor principal: Lihn Carrasco, Enrique (autor)
Format: Llibre
Idioma:espanyol
Publicat: Santiago Universidad Diego Portales 2008
Edició:1a. ed
Col·lecció:Pensamiento Visual
Matèries:
Etiquetes: Afegir etiqueta
Sense etiquetes, Sigues el primer a etiquetar aquest registre!

MARC

LEADER 00000cam a2200000 a 4500
001 UCI7442
003 CL-VaPUC
008 080703e20080000CL |||||||||||||||||spa|d
020 |a 9789563140163 
082 0 4 |a Ch864  |b LIH  |2 21 
100 |a Lihn Carrasco, Enrique  |e autor  |9 310552 
245 1 0 |a Textos sobre arte 
250 |a 1a. ed 
300 |a 563 p 
942 |c BK 
945 |d 20080703 00:00:00  |a rbrito 
260 |a Santiago  |b Universidad Diego Portales  |c 2008 
650 0 |a Ensayos chilenos   |9 269132 
583 |a last modification  |c 20170627 09:44:28  |k Rodrigo Vera 
490 0 |a Pensamiento Visual 
999 |c 330732  |d 330730 
952 |0 0  |1 0  |4 0  |6 CH_864_000000000000000_LIH_2008  |7 0  |8 A  |9 416475  |a BIBART  |b BIBART  |d 2019-11-22  |i 4455207  |l 3  |o Ch864 LIH 2008  |p 4455207  |r 2025-03-13  |s 2024-10-02  |w 2019-11-22  |y BK  |k ART 
952 |0 0  |1 0  |3 erb  |4 0  |6 CH_864_000000000000000_LIH_2008  |7 0  |8 A  |9 416476  |a BIBART  |b BIBART  |i 540276K  |l 2  |m 1  |o Ch864 LIH 2008  |p 540276K  |r 2025-03-13  |s 2024-10-02  |w 2019-11-22  |y BK  |z Catalogado en:20170630  |k ART